000
00317nam a22001457a 4500
020
_a
978-81-264-2137-4
082
_a
920
_b
AMB/K
100
_a
AMMAYAMBHALAM, UNNI
245
_a
KAVIKALUDE JEEVACHARITHRAM
260
_a
KOTTAYAM
_b
DC BOOKS
_c
2008
300
_a
208
520
_a
NOVEL
650
_a
NOVEL
942
_c
BK
999
_c
5488
_d
5488